<?xml version="1.0" encoding="UTF-8"?>
<record
    xmlns:xsi="http://www.w3.org/2001/XMLSchema-instance"
    xsi:schemaLocation="http://www.loc.gov/MARC21/slim http://www.loc.gov/standards/marcxml/schema/MARC21slim.xsd"
    xmlns="http://www.loc.gov/MARC21/slim">

  <leader>01379nam0a22003491  4500</leader>
  <controlfield tag="001">RU\NLR\A1SV\35261</controlfield>
  <controlfield tag="005">20251203171251.9</controlfield>
  <datafield tag="035" ind1=" " ind2=" ">
    <subfield code="a">(NLR Aleph) 009717757</subfield>
  </datafield>
  <datafield tag="090" ind1=" " ind2=" ">
    <subfield code="a">9861643</subfield>
    <subfield code="c">9861643</subfield>
  </datafield>
  <datafield tag="100" ind1=" " ind2=" ">
    <subfield code="a">19800930d1925    u  y0rusy50      ca</subfield>
  </datafield>
  <datafield tag="101" ind1="0" ind2=" ">
    <subfield code="a">rus</subfield>
  </datafield>
  <datafield tag="102" ind1=" " ind2=" ">
    <subfield code="a">RU</subfield>
  </datafield>
  <datafield tag="200" ind1="1" ind2=" ">
    <subfield code="a">&#x421;&#x435;&#x432;&#x43E;&#x43E;&#x431;&#x43E;&#x440;&#x43E;&#x442;&#x44B; &#x434;&#x43B;&#x44F; &#x43A;&#x440;&#x435;&#x441;&#x442;&#x44C;&#x44F;&#x43D;&#x441;&#x43A;&#x438;&#x445; &#x445;&#x43E;&#x437;&#x44F;&#x439;&#x441;&#x442;&#x432; &#x41C;&#x43E;&#x441;&#x43A;&#x43E;&#x432;&#x441;&#x43A;&#x43E;&#x439; &#x43E;&#x431;&#x43B;&#x430;&#x441;&#x442;&#x438;</subfield>
    <subfield code="f">&#x421;.&#x421;.&#x413;&#x435;&#x440;&#x43A;&#x435;&#x43D;</subfield>
  </datafield>
  <datafield tag="210" ind1=" " ind2=" ">
    <subfield code="a">&#x41C;.</subfield>
    <subfield code="a">&#x41B;.</subfield>
    <subfield code="c">&#x413;&#x43E;&#x441;. &#x438;&#x437;&#x434;.</subfield>
    <subfield code="d">1925</subfield>
  </datafield>
  <datafield tag="215" ind1=" " ind2=" ">
    <subfield code="a">56 &#x441;.</subfield>
    <subfield code="c">&#x442;&#x430;&#x431;&#x43B;.</subfield>
    <subfield code="d">17 &#x441;&#x43C;</subfield>
  </datafield>
  <datafield tag="300" ind1=" " ind2=" ">
    <subfield code="a">&#x41D;&#x430; &#x43E;&#x431;&#x43B;. &#x430;&#x432;&#x442;. &#x43D;&#x435; &#x443;&#x43A;&#x430;&#x437;&#x430;&#x43D;</subfield>
  </datafield>
  <datafield tag="300" ind1=" " ind2=" ">
    <subfield code="a">&#x41D;&#x430;&#x43F;&#x435;&#x447;. &#x432; &#x41C;&#x43E;&#x441;&#x43A;&#x432;&#x435;</subfield>
  </datafield>
  <datafield tag="451" ind1=" " ind2="1">
    <subfield code="1">001RU\NLR\A1SV\35262</subfield>
    <subfield code="9">9861647</subfield>
    <subfield code="a">&#x413;&#x435;&#x440;&#x43A;&#x435;&#x43D;, &#x421;.&#x421;. (1886-&#x43D;&#x435; &#x440;&#x430;&#x43D;&#x435;&#x435; 1933)</subfield>
    <subfield code="c">&#x41C;.</subfield>
    <subfield code="d">1926</subfield>
    <subfield code="e">2-&#x435; &#x438;&#x437;&#x434;.</subfield>
    <subfield code="f">&#x421;.&#x421;.&#x413;&#x435;&#x440;&#x43A;&#x435;&#x43D;, &#x437;&#x430;&#x432;. &#x41E;&#x442;&#x434;. &#x43F;&#x43E;&#x43B;&#x435;&#x432;&#x43E;&#x434;&#x441;&#x442;&#x432;&#x430; &#x41C;&#x43E;&#x441;&#x43A;. &#x43E;&#x431;&#x43B;. &#x43E;&#x43F;&#x44B;&#x442;. &#x441;&#x442;.</subfield>
    <subfield code="n">&#x413;&#x43E;&#x441;. &#x438;&#x437;&#x434;.</subfield>
    <subfield code="p">56 &#x441;.</subfield>
    <subfield code="t">&#x421;&#x435;&#x432;&#x43E;&#x43E;&#x431;&#x43E;&#x440;&#x43E;&#x442;&#x44B; &#x434;&#x43B;&#x44F; &#x43A;&#x440;&#x435;&#x441;&#x442;&#x44C;&#x44F;&#x43D;&#x441;&#x43A;&#x438;&#x445; &#x445;&#x43E;&#x437;&#x44F;&#x439;&#x441;&#x442;&#x432; &#x41C;&#x43E;&#x441;&#x43A;&#x43E;&#x432;&#x441;&#x43A;&#x43E;&#x439; &#x43E;&#x431;&#x43B;&#x430;&#x441;&#x442;&#x438;</subfield>
  </datafield>
  <datafield tag="620" ind1=" " ind2=" ">
    <subfield code="d">&#x41C;&#x43E;&#x441;&#x43A;&#x432;&#x430;</subfield>
  </datafield>
  <datafield tag="620" ind1=" " ind2=" ">
    <subfield code="d">&#x421;&#x430;&#x43D;&#x43A;&#x442;-&#x41F;&#x435;&#x442;&#x435;&#x440;&#x431;&#x443;&#x440;&#x433;</subfield>
  </datafield>
  <datafield tag="700" ind1=" " ind2="1">
    <subfield code="a">&#x413;&#x435;&#x440;&#x43A;&#x435;&#x43D;</subfield>
    <subfield code="b">&#x421;.&#x421;.</subfield>
    <subfield code="f">1886-&#x43D;&#x435; &#x440;&#x430;&#x43D;&#x435;&#x435; 1933</subfield>
    <subfield code="g">&#x421;&#x435;&#x440;&#x433;&#x435;&#x439; &#x421;&#x435;&#x440;&#x433;&#x435;&#x435;&#x432;&#x438;&#x447;</subfield>
    <subfield code="4">070</subfield>
  </datafield>
  <datafield tag="801" ind1=" " ind2="0">
    <subfield code="a">RU</subfield>
    <subfield code="b">NLR</subfield>
    <subfield code="c">19800930</subfield>
  </datafield>
  <datafield tag="852" ind1=" " ind2=" ">
    <subfield code="a">NLR</subfield>
    <subfield code="j">34.86.6.82</subfield>
  </datafield>
  <datafield tag="899" ind1=" " ind2=" ">
    <subfield code="a">&#x41A;&#x438;&#x440;&#x41E;&#x423;&#x41D;&#x411;</subfield>
  </datafield>
  <datafield tag="899" ind1=" " ind2=" ">
    <subfield code="a">&#x411;&#x410;&#x41D;</subfield>
  </datafield>
  <datafield tag="899" ind1=" " ind2=" ">
    <subfield code="a">&#x420;&#x413;&#x411;</subfield>
  </datafield>
  <datafield tag="899" ind1=" " ind2=" ">
    <subfield code="a">&#x420;&#x41A;&#x41F;</subfield>
  </datafield>
  <datafield tag="899" ind1=" " ind2=" ">
    <subfield code="a">NLG</subfield>
  </datafield>
  <datafield tag="942" ind1=" " ind2=" ">
    <subfield code="c">BOOK</subfield>
  </datafield>
  <datafield tag="980" ind1=" " ind2=" ">
    <subfield code="a">NB</subfield>
  </datafield>
  <datafield tag="980" ind1=" " ind2=" ">
    <subfield code="a">A1SV</subfield>
  </datafield>
  <datafield tag="995" ind1=" " ind2=" ">
    <subfield code="5">2016-05-13</subfield>
    <subfield code="b">NLR02</subfield>
    <subfield code="c">NLR02</subfield>
    <subfield code="e">RFS</subfield>
    <subfield code="f">9717757-10</subfield>
    <subfield code="k">34.86.6.82</subfield>
    <subfield code="o">0</subfield>
    <subfield code="r">BOOK</subfield>
    <subfield code="s">3486682_</subfield>
  </datafield>
</record>
